Statistics for Australian Capitals

Click here to take the quiz!

General Stats

  • This quiz has been taken 15,827 times
    (15,692 since last reset)
  • The average score is 7 of 8

Answer Stats

State or Territory Population City % Correct
New South Wales5,230,330Sydney
99%
Western Australia2,059,484Perth
96%
Victoria4,936,349Melbourne
95%
Australian Capital Territory457,563Canberra
94%
Queensland2,462,637Brisbane
83%
South Australia1,345,777Adelaide
80%
Northern Territory148,564Darwin
76%
Tasmania232,606Hobart
70%

Score Distribution

Percentile by Number Answered

Percent of People with Each Score

Your Score History

You have not taken this quiz since the last reset